Giáo trình toán cao cấp
Giáo trình trình bày đại cương về logic toán, ma trận - định thức hệ phương trình tuyến tính, phép tính vi tích phân.
Đã lưu trong:
| Príomhúdar: | |
|---|---|
| Formáid: | Leabhar |
| Teanga: | Undetermined |
| Foilsithe: |
Cần Thơ
Trường Đại học Cần Thơ
2003
|
| Ábhair: | |
| Clibeanna: |
Cuir Clib Leis
Gan Chlibeanna, Bí ar an gcéad duine leis an taifead seo a chlibeáil!
|
| Thư viện lưu trữ: | Trung tâm Học liệu Trường Đại học Cần Thơ |
|---|
| LEADER | 00739nam a2200193Ia 4500 | ||
|---|---|---|---|
| 001 | CTU_55752 | ||
| 008 | 210402s9999 xx 000 0 und d | ||
| 082 | |a 515 | ||
| 082 | |b Qu121 | ||
| 100 | |a Lê, Phương Quân | ||
| 245 | 0 | |a Giáo trình toán cao cấp | |
| 245 | 0 | |c Lê Phương Quân, Lê Thanh Tùng | |
| 260 | |a Cần Thơ | ||
| 260 | |b Trường Đại học Cần Thơ | ||
| 260 | |c 2003 | ||
| 520 | |a Giáo trình trình bày đại cương về logic toán, ma trận - định thức hệ phương trình tuyến tính, phép tính vi tích phân. | ||
| 650 | |a Mathematical Analysis | ||
| 904 | |i Trọng Hải | ||
| 980 | |a Trung tâm Học liệu Trường Đại học Cần Thơ | ||